000 00734nam a2200289Ia 4500
005 20260324150922.0
008 008 260324s9999 xx 000 0 eng d
020 _a9780203704820
037 _aEBOOK
040 _aCRL
040 _beng
040 _cCRL
041 _2eng
041 _aeng
084 _qCRL
100 _aBernard Hollander
_91227946
245 0 _aRevival: Methods and Uses of Hypnosis and Self Hypnosis (1928)
245 2 _bA Treatise on the Powers of the Subconscious Mind
260 _bTaylor and Francis
260 _c1928
365 _a
365 _b240
856 _uhttp://www.taylorfrancis.com/books/9780203704820
942 _cEBOOK
999 _c1838347
_d1838347